US City Definitions Quiz Stats

 Plays Quiz Updated May 5, 2018

Score 0/15 Timer 03:00
15 Plays Today
% Correct
Weed
96%
Boulder
95.3%
Bend
95%
Buffalo
94.7%
Sandy
92.2%
Anchorage
91.3%
Mobile
89.9%
Cheyenne
89.5%
% Correct
Reading
88.4%
Philadelphia
87.5%
Concord
84.6%
Providence
84.1%
Phoenix
66.2%
Charlotte
53.5%
Boston
51.9%

You're not logged in!

Compare scores with friends on all Sporcle quizzes.
OR
Log In

Sporcle TV

Today on Sporcle TV


Watch our educational content, quiz creation guides, and fun videos on Sporcle TV.

Show Comments

Extras

Top Quizzes Today


Score Distribution

Your Account Isn't Verified!

In order to create a playlist on Sporcle, you need to verify the email address you used during registration. Go to your Sporcle Settings to finish the process.

Report this User

Report this user for behavior that violates our Community Guidelines.

Details: